000 02219cam a2200169 4500500
005 20260208003226.0
041 _afre
042 _adc
100 1 0 _aGriffiths, John
_eauthor
245 0 0 _aLes débats qui subsistent après l'encadrement légal de l'euthanasie aux Pays-Bas
260 _c2002.
500 _a46
520 _aRésumé La loi qui est entrée en vigueur le 1er avril 2002, a confirmé la légalisation de l’euthanasie aux Pays-Bas et a fixé les règles strictes dans lesquelles elle pouvait être pratiquée par les médecins. Après la promulgation de cette loi, des questions demeurent. La prise en compte de la souffrance psychologique et des souhaits des « fatigués de la vie » n’est pas réglée clairement par la loi ; la Cour suprême des Pays-Bas devrait être amenée à préciser ces situations à l’occasion de procès en cours. Le contrôle des pratiques d’euthanasie, mis en place par la loi et basé sur un système déclaratif même s’il est de plus en plus effectif aux Pays-Bas, connaît encore de nombreuses difficultés du fait des réticences des médecins à déclarer tous les cas d’euthanasie.
520 _aThe debate continuing after the legal recognition of euthanasia in the Netherlands The law which came into effect on April 1 2002, confirmed the legalisation on euthanasia in the Netherlands, and fixed strict rules under which it could be practised by doctors. After promulgation of this law some questions still remain. Taking account of psychological suffering and the wishes of those « tired of life » are not clearly recognised by the law, and the Supreme Court of the Netherlands must be brought to clarify such issues during the lawsuits in progress. The control of euthanasia practices set up by the law and based on a declaratory system, even if becoming increasingly effective in the Netherlands, is still experiencing numerous problems due to the reluctance of doctors to declare all their euthanasia cases.
786 0 _nRevue française des affaires sociales | - | 3 | 2002-09-01 | p. 173-177 | 0035-2985
856 4 1 _uhttps://shs.cairn.info/revue-francaise-des-affaires-sociales-2002-3-page-173?lang=fr&redirect-ssocas=7080
999 _c1647337
_d1647337